000 00470nam a22001697a 4500
005 20180209132529.0
008 160429b xxu||||| |||| 00| 0 eng d
020 _a0-07-463293-0
041 _aeng
082 _b00822
_a006.6
100 _aNewman, William M. and sproull, robert f.
_94143
245 _aPrinciples of Interactive Computer Graphics
260 _aNew Delhi
_bTMH Publ.co.Ltd.
_c2003
300 _a541
650 _aInformation Technology
_9137
942 _cBK
999 _c269
_d269